000
00386nam a2200133Ia 4500
008
200619s9999 xx 000 0 und d
082
_a
923.2KOP
100
_a
Koppa Jagadeesh
245
0
_a
Gandhi Emba Dhyana : A Collection of Articles
264
_a
Bangalore
_b
Kannada Sahitya Parishad
_c
2009
300
_a
82
942
_c
IR
999
_c
120008
_d
120008